• 首页
  • 本馆介绍
  • 公告通知
  • 最新文献
  • 馆藏检索
  • 电子资源
  • 读者导购
  • 参考咨询
  • 我的图书馆
  • 登录
  • 详细信息显示
  • 放入我的书架
  • 预约/预借图书
  • 作者相关作品
  • 分类相关作品
  • 丛书相关作品
  • 出版社相关作品

书目信息

  • 表格格式
  • 工作单格式
  • 卡片格式
题名:
呼延庆上坟
    
 
作者: 王润生 , 夏晓华 编著
分册:  
出版信息: 石家庄   花山文艺出版社  1982
页数: 146页
开本: 19cm
丛书名:
单 册:
中图分类: I239.2 , I247.4
科图分类:
主题词: 鼓词--中国--现代 , 小说--中国
电子资源:
ISBN:
000 00694nam0 2200253 450
001 1559193124
005 20150121162710.09
010    @dCNY0.38
091    @a10286.5@dCNY0.38
100    @a20071109d1982 em y0chiy0121 ea
101 0  @achi
102    @aCN@b130000
105    @ay z 000by
200 1  @a呼延庆上坟@9hu yan qing shang fen@e新编传统鼓书@f王润生, 夏晓华编著
210    @a石家庄@c花山文艺出版社@d1982
215    @a146页@d19cm
606 0  @a鼓词@y中国@z现代
606 0  @a小说@x中国
690    @aI239.2@v5
690    @aI247.4@v4
701  0 @a王润生@9wang run sheng@4编著
701  0 @a夏晓华@9xia xiao hua@4编著
801  0 @aCN@bTSSF@c20150121
905    @aZUCC@dI247.4@eJY106
    
    呼延庆上坟:新编传统鼓书/王润生, 夏晓华编著.-石家庄:花山文艺出版社,1982
    146页;19cm
    
    
    ISBN :CNY0.38
    
●
相关链接 在E读中查询图书 在五车中查询图书 在当当中查询图书 在豆瓣中查询图书


正题名:呼延庆上坟     索取号:I247.4/JY106         预约/预借

序号 登录号 条形码 馆藏地/架位号 状态 备注
1 7854056   278540562   学院路分馆/ [索取号:I247.4/JY106] 在馆    
2 7854057   278540571   学院路分馆/ [索取号:I247.4/JY106] 在馆    
唐山师范学院图书馆 欢迎您!
大连网信软件有限公司© 版权所有